Age Of Deception (Record no. 328333)

MARC details
000 -LEADER
fixed length control field 00485nam a2200169Ia 4500
008 - FIXED-LENGTH DATA ELEMENTS--GENERAL INFORMATION
fixed length control field 230718s9999 xx 000 0 und d
020 ## - INTERNATIONAL STANDARD BOOK NUMBER
International Standard Book Number 9781408817001
041 ## - LANGUAGE CODE
Language code of text/sound track or separate title eng
082 ## - DEWEY DECIMAL CLASSIFICATION NUMBER
Classification number 355.02'17
Item number ELB
100 ## - MAIN ENTRY--PERSONAL NAME
Personal name Elbaradei M.
9 (RLIN) 192329
245 ## - TITLE STATEMENT
Title Age Of Deception
Remainder of title Nuclear Diplomacy In Treacherous Times
260 ## - PUBLICATION, DISTRIBUTION, ETC. (IMPRINT)
Date of publication, distribution, etc. 2011
Name of publisher, distributor, etc. Bloomsbury
300 ## - PHYSICAL DESCRIPTION
Extent 340
365 ## - TRADE PRICE
Currency code Rs.
Price amount 550.00
700 ## - ADDED ENTRY--PERSONAL NAME
Personal name Elbaradei M.
9 (RLIN) 192329
906 ## - LOCAL DATA ELEMENT F, LDF (RLIN)
d O:0195012-Aug-2011B:824017-Jun-2011
c GENRL
b 137.5
Holdings
Withdrawn status Lost status Damaged status Not for loan Home library Current library Date acquired Vendor Budget Code Cost, normal purchase price Bill number Total Checkouts Full call number Barcode Date last seen Date last checked out Discount Cost, replacement price Bill Date Koha item type Original Barcode
        Cummins College of Engineering for Women Pune Cummins College of Engineering for Women Pune 12/08/2011 Technical Book Services GENRL 412.50 8240 1 355.02'17 CCEP-BK-39540 29/04/2024 13/04/2024 137.5 550.00 17/06/2011 Books 039540